000 00621nam a2200217 a 4500
001 000011204
003 DO-SdBNP
005 20240412074310.0
007 ta
008 091015t2019 xxu 000 p spa d
020 _a9789945806991
040 _aDO-SdBNP
_bspa
_cBNPHU
082 _axxx
_bQ64
245 1 0 _aQuien toca este libro, toca a un hombre :
_bantología poética
_cedición, introducción y notas de Rei Berroa
260 _aSanto Domingo :
_bBúho,
_c2019.
300 _a312 p. ;
_c21 cm.
590 _aInventariado, 2019 / DG
650 0 _aLiteratura dominicana.
_967
910 _aDG
942 _2ddc
_cLBS1
999 _c52711
_d52711